Market structure and income distribution in the dependent economy: evidence from Taiwan.
Analýza vzťahov medzi závislosťou ekonomiky a trhovým monopolom. Výskum vplyvu vysokého stupňa ekonomickej závislosti na stagnáciu ekonomiky málo rozvinutých krajín, na ich monopolnú trhovú štruktúru a nerovnosť príjmov - analýza na príklade Tchajwanu v r. 1952-1986.
Gespeichert in:
| 1. Verfasser: | |
|---|---|
| Format: | Buchkapitel |
| Sprache: | Englisch |
| Schlagworte: | |
| Tags: |
Keine Tags, Fügen Sie das erste Tag hinzu!
|
MARC
| LEADER | 00000naa a2200000 4500 | ||
|---|---|---|---|
| 001 | r006015 | ||
| 005 | 20221130103237.7 | ||
| 041 | 0 | |a eng | |
| 044 | |a JP | ||
| 245 | 1 | 0 | |a Market structure and income distribution in the dependent economy: evidence from Taiwan. |c Ch.Ch. Lai |
| 520 | |a Analýza vzťahov medzi závislosťou ekonomiky a trhovým monopolom. Výskum vplyvu vysokého stupňa ekonomickej závislosti na stagnáciu ekonomiky málo rozvinutých krajín, na ich monopolnú trhovú štruktúru a nerovnosť príjmov - analýza na príklade Tchajwanu v r. 1952-1986. | ||
| 610 | 2 | 0 | |a štruktúra ekonomická |
| 610 | 2 | 0 | |a trh |
| 610 | 2 | 0 | |a rozdeľovanie |
| 610 | 2 | 0 | |a príjmy |
| 610 | 2 | 0 | |a závislosť ekonomická |
| 610 | 2 | 0 | |a monopoly |
| 610 | 2 | 0 | |a Taiwan |
| 610 | 2 | 0 | |a 1952-1986 |
| 100 | 1 | |a Lai, Ch.Ch. | |